Star Wars: Original Trilogy Characters Quiz Stats

 Plays Quiz Updated Dec 10, 2016

Support Sporcle.
Go Orange.
Score 0/9 Timer 02:00
0 Plays Today
% Correct
Luke Skywalker
99%
Han Solo
97.7%
Princess Leia Organa
96.9%
Darth Vader
96.3%
R2-D2
91.3%
C-3PO
89.8%
Chewbacca
89.7%
Obi-Wan Kenobi
81.9%
Wedge Antilles
33.4%

From the Vault

30 in 60: European Cities

by Andre9741

Geography 60s
We don't recommend visiting 30 cities in 60 seconds.
Remove Ads.
Support Sporcle.
Get the best of Sporcle when you Go Orange. This ad-free experience offers more features, more stats, and more fun while also helping to support Sporcle. Thank you for becoming a member.

Show Comments

Extras

Top Quizzes Today


Score Distribution

Your Account Isn't Verified!

In order to create a playlist on Sporcle, you need to verify the email address you used during registration. Go to your Sporcle Settings to finish the process.

Report this User

Report this user for behavior that violates our Community Guidelines.

Details: